Metodología para la implantación del sistema de mantenimiento y control de accesorios repuestos de una oficina de refrigeración
Expone los controles bases para la creación de un modelo que sirva de referencia a Empresas Fabriles y a Instituciones en General, enmarcados en el caso real de la Oficina de Refrigeración del Instituto Nicaragüense de Energía.
| Main Authors: | , |
|---|---|
| Other Authors: | |
| Format: | Tesis Section = Libro |
| Language: | Undetermined Spanish |
| Published: |
Managua
UNI
[s.f.]
|
| Subjects: |
| LEADER | 01019nam a2200253Ia 4500 | ||
|---|---|---|---|
| 008 | 240830s9999 xx 000 0 und d | ||
| 040 | |a BIBLIOTECA-RUSB/ Mon 621.56 M379 | ||
| 041 | |a spa | ||
| 082 | |a Mon 621.56 M379 | ||
| 100 | 1 | |a Martínez Cerrato, Estela | |
| 100 | 1 | |b Pavón, Ana C | |
| 245 | 1 | 0 | |a Metodología para la implantación del sistema de mantenimiento y control de accesorios repuestos de una oficina de refrigeración |
| 260 | |a Managua |b UNI |c [s.f.] | ||
| 300 | |a 199 p. :il. | ||
| 502 | |a Tesis (Ingeniero Civil) - UNI, [s.f] . | ||
| 520 | 3 | |a Expone los controles bases para la creación de un modelo que sirva de referencia a Empresas Fabriles y a Instituciones en General, enmarcados en el caso real de la Oficina de Refrigeración del Instituto Nicaragüense de Energía. | |
| 650 | 7 | |a REFRIGERACION | |
| 650 | 7 | |b AIRE ACONDICIONADO | |
| 650 | 7 | |c MANTENIMIENTO DE EQUIPO | |
| 650 | 7 | |d INGENIERIA CIVIL I | |
| 700 | 1 | |a Tutor: | |
| 942 | |c BK |2 ddc | ||
| 991 | |a TESIS | ||
| 999 | |c 20349 | ||